[Event "World Blitz Women 2025"]
[Site "Doha QAT"]
[Date "2025.12.29"]
[Round "8.55"]
[White "Atalik, Ekaterina"]
[Black "Mgeladze, Kesaria"]
[Result "1/2-1/2"]
[WhiteTitle "IM"]
[BlackTitle "WIM"]
[WhiteElo "2349"]
[BlackElo "2195"]
[WhiteFideId "4130189"]
[BlackFideId "13621130"]
[EventDate "2025.12.29"]

1. d4 Nf6 2. c4 e6 3. Nc3 Bb4 4. e3 O-O 5. Bd3 d5 6. Nf3 dxc4 7. Bxc4 c5 8. O-O
Nc6 9. dxc5 Bxc5 10. a3 a6 11. b4 Bd6 12. Bb2 Ne5 13. Be2 Nxf3+ 14. Bxf3 Qe7 15.
Rc1 Rd8 16. Qe2 e5 17. Nd5 Nxd5 18. Bxd5 Be6 19. Bxe6 Qxe6 20. Qc4 Qxc4 21. Rxc4
Rac8 22. Rcc1 f6 23. f3 Kf7 24. Rfd1 Ke6 25. Kf1 Rxc1 26. Rxc1 Rd7 27. Ke2 Rc7
28. Rxc7 Bxc7 29. e4 b5 30. Kd3 Bb6 31. h3 h5 32. g4 hxg4 33. hxg4 g5 34. Bc1
Bd4 35. Kc2 Kd6 36. Kb3 Kc6 37. Bb2 Bxb2 38. Kxb2 Kd6 39. Kc3 1/2-1/2

[Event "World Blitz Women 2025"]
[Site "Doha QAT"]
[Date "2025.12.29"]
[Round "8.56"]
[White "Zherebtsova, Alexandra"]
[Black "Priyanka, Nutakki"]
[Result "1/2-1/2"]
[WhiteTitle "FM"]
[BlackTitle "WGM"]
[WhiteElo "2307"]
[BlackElo "2292"]
[WhiteFideId "24129518"]
[BlackFideId "25049615"]
[EventDate "2025.12.29"]

1. d4 d5 2. Bf4 c5 3. e3 Nc6 4. Nf3 Nf6 5. Nbd2 cxd4 6. exd4 Bf5 7. c3 e6 8. Bb5
Bd6 9. Bxd6 Qxd6 10. Ne5 O-O 11. Bxc6 bxc6 12. Nb3 a5 13. Nc5 Rfb8 14. Qe2 Ne4
15. Ned3 Nxc5 16. Nxc5 e5 17. O-O exd4 18. cxd4 h6 19. b3 Qf6 20. Qd2 Rb4 21.
Rfd1 Re8 22. Rac1 Rxd4 23. Qxa5 Rxd1+ 24. Rxd1 Qb2 25. h3 Qe2 26. Rf1 Bg6 27.
Na4 Qxa2 28. Qb6 Qc2 29. Nc5 Qc3 30. Qxc6 Rd8 31. Qb6 Re8 32. b4 d4 33. b5 d3
34. Qc6 Rd8 35. Qc7 Rf8 36. b6 d2 37. b7 Qc1 38. Qd6 Bc2 39. Qxf8+ Kxf8 40.
b8=Q+ Ke7 41. Qe5+ Kf8 42. Qb8+ Ke7 43. Qe5+ Kf8 44. Qb8+ 1/2-1/2

[Event "World Blitz Women 2025"]
[Site "Doha QAT"]
[Date "2025.12.29"]
[Round "8.57"]
[White "Dwilewicz, Katarzyna"]
[Black "Sharma, Isha"]
[Result "1/2-1/2"]
[WhiteTitle "WFM"]
[BlackTitle "WIM"]
[WhiteElo "2185"]
[BlackElo "2245"]
[WhiteFideId "1148486"]
[BlackFideId "35006665"]
[EventDate "2025.12.29"]

1. e4 e5 2. Nf3 Nc6 3. Nc3 Nf6 4. a3 Bc5 5. Nxe5 Nxe5 6. d4 Bxd4 7. Qxd4 Nc6 8.
Qd3 h6 9. Bf4 d6 10. Be2 O-O 11. O-O-O Qe7 12. f3 Ne5 13. Qd2 Be6 14. g4 Ng6 15.
Bg3 a6 16. h4 Kh7 17. Bd3 Ne5 18. g5 Nh5 19. Rdg1 Nxf3 20. Qg2 Nxg1 21. Rxg1
hxg5 22. e5+ g6 23. Qe2 Kh8 24. exd6 cxd6 25. Ne4 Nxg3 26. Rxg3 gxh4 27. Rg1 Bf5
28. Qf3 d5 29. Ng5 Bxd3 30. Qxd3 Qe5 31. Kb1 Kg7 32. Nf3 Qe4 33. Qc3+ Kg8 34.
Ng5 Qc4 35. Qf6 Rac8 36. Ne6 Qxc2+ 37. Ka1 fxe6 38. Rxg6+ Qxg6 39. Qxg6+ Kh8 40.
Qh6+ Kg8 41. Qg6+ Kh8 1/2-1/2

[Event "World Blitz Women 2025"]
[Site "Doha QAT"]
[Date "2025.12.29"]
[Round "8.58"]
[White "Kirtadze, Anastasia"]
[Black "Olde, Margareth"]
[Result "0-1"]
[WhiteTitle "WIM"]
[BlackTitle "WIM"]
[WhiteElo "2281"]
[BlackElo "2214"]
[WhiteFideId "13622714"]
[BlackFideId "4503082"]
[EventDate "2025.12.29"]

1. e4 d6 2. d4 Nf6 3. Nc3 e5 4. Nf3 Nbd7 5. Bc4 Be7 6. O-O O-O 7. h3 c6 8. a4 h6
9. Be3 Re8 10. dxe5 dxe5 11. Qe2 Qc7 12. Rfd1 Nc5 13. Bd2 Bf8 14. b4 Ne6 15.
Rab1 Nd4 16. Qd3 Nxf3+ 17. Qxf3 Be6 18. Bxe6 Rxe6 19. Be3 Rd8 20. Na2 b6 21. c4
Red6 22. Rxd6 Qxd6 23. Re1 Qd3 24. Nc1 Qxe4 25. Qe2 Bxb4 26. f3 Qf5 27. Rf1 e4
28. f4 Bc5 29. Kh2 Bxe3 30. Qxe3 Qd7 31. Rf2 Qd4 32. Qe1 Qxc4 33. Ne2 Qd3 34.
Ng3 e3 35. Rf3 Re8 36. f5 Qd2 37. Qe2 Qxe2 38. Nxe2 Nd5 39. g4 Re4 40. Kg3 Rxa4
41. Rf1 Ra2 42. Kf3 a5 43. h4 a4 44. g5 hxg5 45. hxg5 Kf8 46. Rc1 c5 47. Rd1 Rd2
48. Ra1 b5 49. Ng3 c4 50. Ke4 c3 51. Nf1 Rf2 52. Kxd5 e2 53. Ne3 b4 54. f6 gxf6
55. gxf6 Rxf6 56. Kc4 Rb6 57. Kd3 b3 58. Kxc3 b2 59. Rb1 e1=Q+ 60. Rxe1 b1=Q 0-1

[Event "World Blitz Women 2025"]
[Site "Doha QAT"]
[Date "2025.12.29"]
[Round "8.59"]
[White "Zhang, Lanlin"]
[Black "Rouda Essa, Alserkal"]
[Result "1-0"]
[WhiteTitle "WIM"]
[BlackTitle "WGM"]
[WhiteElo "2291"]
[BlackElo "2052"]
[WhiteFideId "8608032"]
[BlackFideId "9314318"]
[EventDate "2025.12.29"]

1. e4 e5 2. Nf3 Nc6 3. Bb5 a6 4. Ba4 Nf6 5. O-O Be7 6. Re1 b5 7. Bb3 O-O 8. c3
d5 9. d4 exd4 10. e5 Ne4 11. cxd4 Bg4 12. Be3 Bb4 13. Rf1 Kh8 14. a3 Be7 15.
Nbd2 Nxd2 16. Qxd2 Bxf3 17. gxf3 f5 18. f4 Qd7 19. Rac1 Nd8 20. Kh1 Ne6 21. Qe2
a5 22. Ba2 b4 23. axb4 axb4 24. Bb1 Qe8 25. Rg1 g6 26. Qf3 Rd8 27. Ba2 Qb5 28.
Qd1 c5 29. dxc5 d4 30. Bd2 Nxc5 31. Qf3 Ne4 32. Rgd1 b3 33. Bb1 d3 34. Rc7 Bc5
35. Be3 Bxe3 36. Qxe3 d2 37. Qa7 Ng5 38. fxg5 Qd5+ 39. Kg1 Qg8 40. e6 Ra8 41.
Qd4+ 1-0

[Event "World Blitz Women 2025"]
[Site "Doha QAT"]
[Date "2025.12.29"]
[Round "8.60"]
[White "Luong Phuong Hanh"]
[Black "Wafa, Shahenda"]
[Result "1-0"]
[WhiteTitle "WIM"]
[BlackTitle "WGM"]
[WhiteElo "2236"]
[BlackElo "2074"]
[WhiteFideId "12401013"]
[BlackFideId "10609962"]
[EventDate "2025.12.29"]

1. d4 Nf6 2. Nf3 g6 3. g3 Bg7 4. Bg2 O-O 5. O-O d6 6. a4 c5 7. dxc5 dxc5 8. a5
a6 9. Nc3 Nc6 10. Be3 Bf5 11. Bxc5 Qxd1 12. Rfxd1 Bxc2 13. Rd2 Bb3 14. Nd4 Nxd4
15. Bxd4 Rad8 16. Ra3 Bc4 17. Bxb7 e5 18. Be3 Rxd2 19. Bxd2 Rb8 20. Bf3 Rxb2 21.
Be3 h5 22. h3 Nd7 23. Bc6 Nf8 24. Bf3 Ne6 25. Ra4 Bb5 26. Nxb5 Rxb5 27. Bb6 Nd4
28. Rc4 Bf8 29. Rc8 Kg7 30. Bb7 Nxe2+ 31. Kf1 Nd4 32. Bxa6 Rb1+ 33. Kg2 Ra1 34.
Rc7 Nb3 35. Bc4 Bb4 36. Bxb3 Bxa5 37. Rxf7+ Kh8 38. Ra7 Bc3 39. Rc7 Bb2 40. Be3
Ra3 41. Bf7 Bc3 42. Bc1 Rb3 43. Bxb3 Bd4 44. Bg5 e4 45. Be3 Be5 46. Re7 Bf6 47.
Rxe4 Kg7 48. Ra4 h4 49. gxh4 Be5 50. Ra6 g5 51. Bxg5 Bd4 52. Ra2 Be5 53. f4 Bd4
54. Kf3 Kg6 55. Kg4 Kg7 56. Rd2 Bc5 57. Rd7+ Kf8 58. Bh6+ Ke8 59. Rd5 Bb4 60.
Rb5 Bd6 61. Rb7 Kd8 62. Be6 Be7 63. Bg5 Ke8 64. Rxe7+ Kf8 65. Rf7+ Ke8 66. Ra7
Kf8 67. Bf6 Ke8 68. Ra8# 1-0

[Event "World Blitz Women 2025"]
[Site "Doha QAT"]
[Date "2025.12.29"]
[Round "8.61"]
[White "Khalil, Manar"]
[Black "Aydin, Gulenay"]
[Result "0-1"]
[WhiteTitle "WFM"]
[BlackTitle "WIM"]
[WhiteElo "1925"]
[BlackElo "2259"]
[WhiteFideId "7604661"]
[BlackFideId "34557431"]
[EventDate "2025.12.29"]

1. e4 c5 2. Nf3 d6 3. d4 cxd4 4. Nxd4 Nf6 5. Nc3 g6 6. Be3 Bg7 7. f3 a6 8. Qd2
h5 9. Bd3 Nbd7 10. O-O O-O 11. Qf2 b5 12. a4 bxa4 13. Nxa4 Bb7 14. Nb3 Ne5 15.
Nb6 Nxd3 16. cxd3 Rb8 17. Na5 Nd7 18. Nxb7 Rxb7 19. Nc4 Nb8 20. d4 d5 21. Na5
Rb5 22. Qd2 Qb6 23. Rfb1 Rd8 24. e5 Nc6 25. Nxc6 Qxc6 26. b4 Rdb8 27. Qd3 e6 28.
Bd2 Bf8 29. Rc1 Qb6 30. h3 Bxb4 31. Bg5 Bf8 32. Qe3 Rb4 33. Rd1 Rb2 34. Bf6 Qb5
35. Re1 Rc8 36. Rac1 Rcc2 37. Rxc2 Rxc2 38. g4 Qb2 39. gxh5 Rg2+ 40. Kf1 Rh2 41.
Re2 Qb1+ 42. Re1 Qb5+ 43. Kg1 Qb2 44. Qg5 Qf2# 0-1

[Event "World Blitz Women 2025"]
[Site "Doha QAT"]
[Date "2025.12.29"]
[Round "8.62"]
[White "Zhurova, Anna"]
[Black "Zvereva, Marija"]
[Result "1-0"]
[WhiteTitle "WFM"]
[BlackTitle "WIM"]
[WhiteElo "2299"]
[BlackElo "2007"]
[WhiteFideId "54113075"]
[BlackFideId "4121082"]
[EventDate "2025.12.29"]

1. e4 c5 2. Nf3 Nc6 3. Nc3 e5 4. Bc4 Be7 5. d3 Nf6 6. h3 d6 7. a4 h6 8. Be3 a6
9. O-O O-O 10. Nh2 Nd4 11. Nd5 b6 12. c3 Ne6 13. b4 Rb8 14. Nxe7+ Qxe7 15. Rb1
Bd7 16. Ng4 Nxg4 17. Qxg4 Ng5 18. Qg3 Kh7 19. f4 b5 20. axb5 axb5 21. Bd5 exf4
22. Bxf4 Rb6 23. Ra1 Ne6 24. Be3 Bc6 25. bxc5 dxc5 26. Qe5 Qc7 27. Qf5+ g6 28.
Qf6 Bxd5 29. exd5 Ng7 30. Qf2 Rd6 31. Bxc5 Nf5 32. Ra7 Qd8 33. Bxd6 Qxd6 34. g4
Ng3 35. Rxf7+ Rxf7 36. Qxf7+ Kh8 37. Qe8+ 1-0

[Event "World Blitz Women 2025"]
[Site "Doha QAT"]
[Date "2025.12.29"]
[Round "8.63"]
[White "Serikbay, Assel"]
[Black "Mikheeva, Galina"]
[Result "1-0"]
[WhiteTitle "WIM"]
[BlackTitle "FM"]
[WhiteElo "2221"]
[BlackElo "2122"]
[WhiteFideId "13706799"]
[BlackFideId "44108320"]
[EventDate "2025.12.29"]

1. d4 d5 2. c4 e6 3. Nc3 c5 4. cxd5 cxd4 5. Qxd4 Nc6 6. Qa4 exd5 7. e3 d4 8.
exd4 Qxd4 9. Bb5 Qxa4 10. Bxa4 Bd7 11. Nf3 Nf6 12. O-O O-O-O 13. Bf4 Nh5 14. Be3
Bd6 15. Nb5 Bb8 16. Rac1 a6 17. Nbd4 Nf4 18. Nxc6 Bxc6 19. Rc4 Nd5 20. Nd4 Rd6
21. Nxc6 bxc6 22. Bxc6 Nxe3 23. fxe3 Kd8 24. Rxf7 Rd1+ 25. Kf2 Rd2+ 26. Kf3 Rxb2
27. Rd7+ Ke8 28. Rb7+ Kf8 29. Rxb2 Be5 30. Rb7 h5 31. Bd5 Rh6 32. Rc8# 1-0

[Event "World Blitz Women 2025"]
[Site "Doha QAT"]
[Date "2025.12.29"]
[Round "8.64"]
[White "Druzhinina, Olga"]
[Black "Miranda Rodriguez, Tania"]
[Result "0-1"]
[WhiteTitle "WFM"]
[BlackTitle "WIM"]
[WhiteElo "2175"]
[BlackElo "2051"]
[WhiteFideId "4141911"]
[BlackFideId "3510417"]
[EventDate "2025.12.29"]

1. e4 e5 2. Nf3 Nc6 3. Bb5 a6 4. Ba4 Nf6 5. d4 Nxd4 6. Nxd4 exd4 7. e5 Ne4 8.
O-O b5 9. Bb3 Bb7 10. Qh5 g6 11. Qg4 Be7 12. Re1 h5 13. Qf4 d5 14. exd6 Nxd6 15.
Qxd4 O-O 16. Bh6 Bf6 17. Qd3 Re8 18. Qxg6+ Kh8 19. Rxe8+ Nxe8 20. Qd3 Qxd3 21.
cxd3 Bxb2 0-1

[Event "World Blitz Women 2025"]
[Site "Doha QAT"]
[Date "2025.12.29"]
[Round "8.65"]
[White "Machlik, Monika"]
[Black "Skaslien, Ingrid"]
[Result "1-0"]
[WhiteElo "2084"]
[BlackElo "2029"]
[WhiteFideId "1513621"]
[BlackFideId "1520660"]
[EventDate "2025.12.29"]

1. d4 Nf6 2. c4 e6 3. Nc3 Bb4 4. Qc2 O-O 5. a3 Bxc3+ 6. Qxc3 d5 7. Nf3 c6 8. Bg5
Nbd7 9. e3 Qc7 10. Bf4 Qd8 11. Be2 Re8 12. O-O Nf8 13. h3 Ne4 14. Qc2 Ng6 15.
Bh2 b6 16. cxd5 cxd5 17. Rac1 Bd7 18. Ba6 Bc8 19. Bd3 Bb7 20. Qc7 Re7 21. Qxd8+
Rxd8 22. Rc2 f6 23. Rfc1 e5 24. dxe5 Nxe5 25. Nxe5 fxe5 26. Rc7 Rxc7 27. Rxc7
Nc5 28. Be2 Rd7 29. Bxe5 Rxc7 30. Bxc7 Nb3 31. Bb8 a6 32. Bc7 b5 33. Bd6 Kf7 34.
Bf3 Ke6 35. Bf4 Nd2 36. Bg4+ Ke7 37. Be5 g6 38. Bc3 Ne4 39. Bd4 h5 40. Be2 Nd2
41. f3 Ke6 42. Bd3 Kf7 43. Kf2 Bc8 44. Ke2 Nc4 45. Kd1 Bd7 46. Ke2 g5 47. g4
hxg4 48. hxg4 Nd6 49. a4 Nc4 50. axb5 axb5 51. Bc3 Bc6 52. Bd4 Bd7 53. b3 Nd6
54. b4 Nc4 55. Bc5 Ke6 56. Bd4 Kf7 57. Bc3 Be6 58. Bd4 Bd7 59. e4 dxe4 60. Bxe4
Nd6 61. Bd5+ Kg6 62. Be5 Nc4 63. Be4+ Kf7 64. Bd4 Be8 1-0

[Event "World Blitz Women 2025"]
[Site "Doha QAT"]
[Date "2025.12.29"]
[Round "8.66"]
[White "Shubenkova, Veronika"]
[Black "Alsemairi, Dalia"]
[Result "1-0"]
[WhiteTitle "WFM"]
[BlackTitle "WCM"]
[WhiteElo "2013"]
[BlackElo "1802"]
[WhiteFideId "44124040"]
[BlackFideId "21511217"]
[EventDate "2025.12.29"]

1. d4 d5 2. e3 Nf6 3. f4 Bf5 4. Nf3 e6 5. Bd3 Bxd3 6. Qxd3 Be7 7. Qb5+ Nbd7 8.
Qxb7 O-O 9. Qa6 c5 10. c3 cxd4 11. exd4 Ne4 12. O-O Ndf6 13. Ne5 h6 14. Nd2 Nxd2
15. Bxd2 Ne4 16. Be1 Bf6 17. Rf3 Qb8 18. b3 Qc7 19. Rc1 Rab8 20. Qd3 Qa5 21. Rc2
Rfd8 22. Nc6 Qc7 23. Nxb8 Rxb8 24. h3 Rc8 25. g4 Qe7 26. Rg2 Bh4 27. Bd2 Qc7 28.
g5 hxg5 29. fxg5 g6 30. Qe2 Qa5 31. a4 Qb6 32. b4 Qc6 33. a5 Nxd2 34. Qxd2 Qd6
35. Rg4 Bxg5 36. Qxg5 Qc6 37. Qf6 Qc4 38. Qxf7+ Kh8 39. Rh4# 1-0

[Event "World Blitz Women 2025"]
[Site "Doha QAT"]
[Date "2025.12.29"]
[Round "8.67"]
[White "Fawaz, Nadia"]
[Black "Jimenez Fernandez, Rebeca"]
[Result "0-1"]
[WhiteTitle "WFM"]
[BlackTitle "WFM"]
[WhiteElo "1957"]
[BlackElo "2137"]
[WhiteFideId "5309743"]
[BlackFideId "32070934"]
[EventDate "2025.12.29"]

1. e4 c5 2. Nf3 Nc6 3. d4 cxd4 4. Nxd4 g6 5. c4 Nf6 6. Nc3 d6 7. f3 Nxd4 8. Qxd4
Bg7 9. Be3 O-O 10. Qd2 Be6 11. Be2 Qa5 12. O-O Rfc8 13. Nd5 Qxd2 14. Bxd2 Nxd5
15. cxd5 Bd7 16. Bd3 Bxb2 17. Rab1 Bd4+ 18. Kh1 b6 19. Rfc1 Rxc1+ 20. Rxc1 Rc8
21. g3 Rxc1+ 22. Bxc1 Kf8 23. Kg2 Ke8 24. f4 Kd8 25. Kf3 Kc7 26. Bd2 b5 27. Ba5+
Bb6 28. Bc3 a5 29. e5 b4 30. Bb2 a4 31. Bc4 Bg1 32. Kg2 Bc5 33. h3 Kb6 34. Bd3
Bb5 35. Bc2 Bc4 36. Bxa4 Bxd5+ 37. Kf1 Bxa2 38. exd6 exd6 39. Be8 Be6 40. g4 b3
41. f5 gxf5 42. gxf5 Bxf5 43. Bxf7 Bc2 44. Ke2 Kb5 45. Kd2 Bb4+ 46. Ke3 Ka4 47.
Be8+ Ka5 48. Kd4 Kb6 49. Kc4 Be1 50. Bd4+ Kc7 51. Bb2 Bf5 52. Bf7 Bxh3 53. Kxb3
Kc6 54. Kc4 Bf1+ 55. Kd4 Bf2+ 56. Ke4 Bg2+ 57. Kf4 d5 58. Bc1 d4 59. Bd2 Kc5 60.
Bh5 d3 61. Bf7 Kd4 62. Bg8 h5 63. Kg5 h4 64. Be6 h3 65. Bf4 d2 66. Bxd2 h2 0-1

[Event "World Blitz Women 2025"]
[Site "Doha QAT"]
[Date "2025.12.29"]
[Round "8.68"]
[White "Berikkyzy Alanna"]
[Black "Echcharbiny, Wissal"]
[Result "1-0"]
[WhiteTitle "WFM"]
[WhiteElo "2241"]
[BlackElo "1726"]
[WhiteFideId "13780719"]
[BlackFideId "9014853"]
[EventDate "2025.12.29"]

1. e4 c6 2. Nc3 d5 3. Nf3 Bg4 4. h3 Bxf3 5. Qxf3 e6 6. g3 Nf6 7. e5 Nfd7 8. d4
c5 9. Ne2 Nc6 10. dxc5 Ndxe5 11. Qb3 Bxc5 12. Bg2 Qb6 13. Qxb6 Bxb6 14. O-O O-O
15. Kh2 Rac8 16. f4 Nd7 17. c3 Nf6 18. b4 Rfd8 19. a4 a6 20. Bb2 Ne7 21. g4 Rc4
22. Rad1 Rdc8 23. f5 Ne4 24. Nf4 Bc7 25. Kg1 Bxf4 26. Rxf4 Nxc3 27. Rxc4 Rxc4
28. Re1 Nxa4 29. Ba3 Rc3 30. Bc1 Rc6 31. Bf4 Nc8 32. fxe6 fxe6 33. h4 b5 34. Kh2
Nab6 35. g5 Nc4 36. Bh3 Kf7 37. h5 Nb2 38. Rf1 Ke7 39. g6 h6 1-0

[Event "World Blitz Women 2025"]
[Site "Doha QAT"]
[Date "2025.12.29"]
[Round "8.69"]
[White "Al-Khulaifi, Ghada"]
[Black "Lau, Chloe Hailey"]
[Result "0-1"]
[WhiteTitle "WCM"]
[WhiteElo "1630"]
[BlackElo "1562"]
[WhiteFideId "12100633"]
[BlackFideId "6012469"]
[EventDate "2025.12.29"]

1. d4 d5 2. c4 c6 3. cxd5 cxd5 4. Nc3 Nf6 5. Bf4 Nc6 6. e3 Bf5 7. Bd3 Bxd3 8.
Qxd3 e6 9. a3 Bd6 10. Bg5 h6 11. Bh4 O-O 12. Nf3 Re8 13. O-O Be7 14. Rad1 Rc8
15. e4 dxe4 16. Nxe4 Nxe4 17. Qxe4 Bxh4 18. Qxh4 Qb6 19. d5 exd5 20. Rxd5 Qxb2
21. Qc4 Red8 22. Rf5 Rf8 23. Nh4 Qxa3 24. Ng6 Ne5 25. Qd5 Nxg6 26. Qxb7 a5 27.
h3 a4 28. Rf3 Qc5 29. Qb2 Ra8 30. Rc1 Qd6 31. Rg3 a3 32. Qa2 Rfb8 33. Rc2 Ne5
34. Rd2 Qe6 35. Re3 Qxa2 36. Rxa2 Nc4 37. Rc3 Rb2 38. Rc2 Rxc2 39. Rxc2 a2 0-1

[Event "World Blitz Women 2025"]
[Site "Doha QAT"]
[Date "2025.12.29"]
[Round "8.70"]
[White "Abrar Mohammed Ahmad Almalki"]
[Black "Alotaibi, Maitha Abdulrahman A"]
[Result "1-0"]
[WhiteElo "1826"]
[BlackElo "1600"]
[WhiteFideId "21543143"]
[BlackFideId "21524009"]
[EventDate "2025.12.29"]

1. e4 c5 2. Nf3 g6 3. Nc3 Bg7 4. d4 cxd4 5. Nxd4 Nc6 6. Nxc6 bxc6 7. Bc4 d6 8.
Bg5 Nf6 9. Qd2 O-O 10. Bh6 Bb7 11. Bxg7 Kxg7 12. O-O-O c5 13. f3 a5 14. a4 Qb6
15. Bb5 Rab8 16. g4 Bc6 17. h4 Bxb5 18. Nxb5 Nd7 19. h5 Ne5 20. Qc3 Kg8 21. hxg6
fxg6 22. Rdf1 c4 23. f4 Nxg4 24. Rxh7 Qe3+ 25. Qxe3 Nxe3 26. Rfh1 Ng4 27. Nc7
Nf6 28. Rxe7 Ng4 29. Rhh7 Rfd8 30. Reg7+ Kf8 31. Ne6+ Ke8 32. Nxd8 Rxd8 33. Rh8# 1-0

[Event "World Blitz Women 2025"]
[Site "Doha QAT"]
[Date "2025.12.29"]
[Round "9.1"]
[White "Roebers, Eline"]
[Black "Goryachkina, Aleksandra"]
[Result "1-0"]
[WhiteTitle "IM"]
[BlackTitle "GM"]
[WhiteElo "2396"]
[BlackElo "2534"]
[WhiteFideId "1058401"]
[BlackFideId "4147103"]
[EventDate "2025.12.29"]

1. e4 e5 2. f4 d5 3. exd5 exf4 4. Nf3 Nf6 5. Bb5+ c6 6. dxc6 Nxc6 7. Nc3 Bd6 8.
Qe2+ Be6 9. Nd4 O-O 10. Bxc6 bxc6 11. Nxe6 fxe6 12. b3 Qd7 13. Bb2 a5 14. a4 Qe7
15. O-O-O Ba3 16. Rhe1 Rae8 17. Qc4 Bxb2+ 18. Kxb2 Qd6 19. d4 Nd5 20. Ne4 Qc7
21. Rd2 Kh8 22. Nc5 e5 23. dxe5 Rxe5 24. Rde2 Rxe2 25. Rxe2 Qd8 26. Ne6 Qf6+ 27.
Qd4 Qxd4+ 28. Nxd4 c5 29. Ne6 Rc8 30. Nxc5 g5 31. Nb7 g4 32. Nxa5 Nc3 33. Rd2 f3
34. gxf3 gxf3 35. Nc4 f2 36. Ne3 Re8 37. Nf1 Ne4 38. Re2 Kg7 39. a5 Kg6 40. b4
Kg5 41. b5 Kf4 42. Re3 Re5 43. c4 Rg5 44. a6 Rg1 45. a7 Rxf1 46. Rxe4+ Kf5 47.
a8=Q Rb1+ 48. Kxb1 f1=Q+ 49. Kc2 Qg2+ 50. Kc3 Qf3+ 51. Kb4 1-0

[Event "World Blitz Women 2025"]
[Site "Doha QAT"]
[Date "2025.12.29"]
[Round "9.2"]
[White "Stefanova, Antoaneta"]
[Black "Omonova, Umida"]
[Result "1-0"]
[WhiteTitle "GM"]
[BlackTitle "WIM"]
[WhiteElo "2391"]
[BlackElo "2294"]
[WhiteFideId "2902257"]
[BlackFideId "14210363"]
[EventDate "2025.12.29"]

1. Nf3 d5 2. g3 c6 3. Bg2 Bg4 4. O-O Nd7 5. h3 Bh5 6. d3 Ngf6 7. Qe1 e5 8. e4
dxe4 9. dxe4 Be7 10. Nbd2 O-O 11. a4 Qc7 12. Nc4 Bg6 13. Nh4 Ne8 14. Nxg6 hxg6
15. f4 Bf6 16. f5 Nd6 17. Nxd6 Qxd6 18. fxg6 fxg6 19. Be3 Qe7 20. Qe2 Nc5 21. h4
Ne6 22. Bh3 Nd4 23. Qc4+ Qf7 24. Qxf7+ Kxf7 25. Bxd4 exd4 26. e5 Rfe8 27. exf6
gxf6 28. Rae1 c5 29. Rxe8 Rxe8 30. Kf2 Rd8 31. Bg2 b6 32. Be4 Rd7 33. g4 c4 34.
Rd1 Rd6 35. b3 f5 36. gxf5 gxf5 37. Bf3 cxb3 38. cxb3 Kf6 39. Rc1 Ke5 40. Ke2
Kf4 41. Bb7 Rh6 42. Rh1 Rh7 43. Bd5 Rd7 44. Bc4 Kg3 45. h5 Kg2 46. Rd1 f4 47.
Bd3 f3+ 48. Kd2 Rd6 49. Be4 Rh6 50. Bg6 f2 51. Ke2 d3+ 52. Bxd3 Rxh5 53. Be4+
Kg3 54. Rd3+ Kf4 55. Bb7 Rh7 56. Bc6 Rc7 57. Rd6 Ke5 58. Rh6 Rf7 59. Kf1 Kd4 60.
Rh3 a6 61. Rf3 Rc7 62. Be8 Re7 63. Bf7 b5 64. axb5 axb5 65. Kxf2 Kc5 66. Bg6 Kb4
67. Bf7 Rd7 68. Ke2 Re7+ 69. Kd2 Ra7 70. Kc2 Ra2+ 71. Kb1 Re2 72. Rf4+ Ka3 73.
Kc1 Rh2 74. Rd4 Rf2 75. Bd5 Re2 76. Rd2 Re7 77. Kc2 Rc7+ 78. Kd3 Kb4 79. Kd4 Rh7
80. Re2 Rh5 81. Re5 Rh4+ 82. Re4 Rh5 83. Bf7 Rf5 84. Be6 Rh5 85. Kd3+ Ka3 86.
Kc3 Rc5+ 87. Kd4 Rh5 88. Re5 Rh4+ 89. Kc5 b4 90. Kb5 Rh8 91. Bc4 Rb8+ 92. Kc6
Rc8+ 93. Kd5 Rd8+ 94. Ke4 Kb2 95. Rd5 Re8+ 96. Kd3 Rh8 97. Rb5 Rh3+ 98. Kd4 Rh4+
99. Kc5 Kc3 100. Bd5 Rh5 101. Rb8 Rg5 102. Rf8 Rh5 103. Rf3+ Kb2 104. Rd3 Ka3
105. Rd1 Rg5 106. Ra1+ Kb2 107. Rf1 Ka3 108. Rf4 Rh5 109. Kc4 Rg5 110. Be4 Rg8
111. Rf6 Rc8+ 112. Rc6 Ra8 113. Rb6 Ra7 114. Bb7 Ra5 115. Rxb4 Rh5 116. Rb6 Rh4+
117. Kc5 Rh5+ 118. Bd5 Rh8 119. Ra6+ Kb2 120. b4 Kc3 121. b5 Rc8+ 122. Bc6 Rh8
123. b6 Rh5+ 124. Bd5 1-0

[Event "World Blitz Women 2025"]
[Site "Doha QAT"]
[Date "2025.12.29"]
[Round "9.3"]
[White "Francisco Guecamburu, Candela Be"]
[Black "Lei, Tingjie"]
[Result "1-0"]
[WhiteTitle "WGM"]
[BlackTitle "GM"]
[WhiteElo "2238"]
[BlackElo "2569"]
[WhiteFideId "160911"]
[BlackFideId "8605114"]
[EventDate "2025.12.29"]

1. e4 e6 2. d4 d5 3. Nc3 Nf6 4. Bg5 h6 5. Bxf6 Qxf6 6. a3 Qe7 7. Nf3 g6 8. Qe2
dxe4 9. Qxe4 Bg7 10. h4 Nc6 11. Bb5 Bd7 12. O-O-O O-O-O 13. Rhe1 Rhe8 14. Kb1
Qf8 15. Qf4 a6 16. Ba4 Nxd4 17. Bxd7+ Rxd7 18. Nxd4 e5 19. Qe3 f5 20. Nb3 Rxd1+
21. Rxd1 Kb8 22. Nc5 Ka8 23. Nd5 Qd6 24. Nc3 Qc6 25. f3 e4 26. fxe4 f4 27. Qf2
Bxc3 28. bxc3 b6 29. Nb3 Qxc3 30. Qd4 Qc6 31. Qd5 Kb7 32. Nd4 Qxd5 33. exd5 Re5
34. Nf3 Re2 35. Rd2 Re3 36. Kb2 Kc8 37. d6 Kd7 38. dxc7+ Kxc7 39. Rd4 Re2 40.
Rxf4 Rxg2 41. Rf7+ Kc6 42. Rf6+ Kc5 43. Ne5 g5 44. Rxh6 gxh4 45. Rxh4 Rg5 46.
Nd3+ Kc6 47. Rh6+ Kb7 48. Kb3 Rg3 49. a4 a5 50. Kb2 Rg4 51. Ka3 Rg2 52. Kb3 Rg4
53. Ne5 Rb4+ 54. Ka3 Rd4 55. Rh7+ Kc8 56. c3 Rd5 57. Nc6 Rc5 58. Na7+ Kb8 59.
Nb5 Rc4 60. Rb7+ Kxb7 61. Nd6+ Kc6 62. Nxc4 Kc5 63. Kb3 Kc6 64. Na3 Kc5 65. Nb5
Kd5 66. Kc2 Kc4 67. Na3+ Kc5 68. Kd3 Kd5 69. c4+ Kc5 70. Kc3 Kc6 71. Kd4 Kd6 72.
Nb1 Kc6 73. Nc3 Kd6 74. Ne4+ Kc6 75. Ke5 Kc7 76. Kd5 Kd7 77. Nd6 Kc7 1-0

[Event "World Blitz Women 2025"]
[Site "Doha QAT"]
[Date "2025.12.29"]
[Round "9.4"]
[White "Nurgaliyeva, Zarina"]
[Black "Danielian, Elina"]
[Result "1-0"]
[WhiteTitle "WIM"]
[BlackTitle "GM"]
[WhiteElo "2305"]
[BlackElo "2408"]
[WhiteFideId "13730096"]
[BlackFideId "13300210"]
[EventDate "2025.12.29"]

1. e4 Nf6 2. e5 Nd5 3. c4 Nb6 4. d4 d6 5. exd6 cxd6 6. Nc3 g6 7. h3 Bg7 8. Nf3
O-O 9. Be2 Nc6 10. O-O Bf5 11. b3 e5 12. Bg5 Bf6 13. Bxf6 Qxf6 14. dxe5 dxe5 15.
Nd5 Nxd5 16. cxd5 Rad8 17. Bc4 Nb4 18. Qe2 Rfe8 19. Rad1 a6 20. a4 h5 21. Rd2
Rd6 22. Rfd1 e4 23. Nd4 b5 24. axb5 axb5 25. Nxb5 Rdd8 26. Nd4 Nxd5 27. Nxf5 Nc3
28. Nh6+ Kg7 29. Qe1 Nxd1 30. Nxf7 Rxd2 31. Qxd2 Nb2 32. Qh6+ Kg8 1-0